000 00672nam a2200241 i 4500
001 C2-0325718
003 PPAK
005 20180728123718.0
008 140218s2013 nyua|||| ||||| | eng d
020 _a9781423160076
040 _aPPAK
_beng
_cPPAK
_erda
082 0 4 _a823
_223
090 0 0 _a823
_bRIO
_dLCK
100 1 _aRiordan, Rick,
_eauthor
245 1 0 _aPercy Jackson & Olympians :
_bThe sea of monsters
264 1 _aNew York :
_bHyperion Books ,
_c2013
300 _a279 pages :
_billustrations ;
_c19 cm
336 _2rdacontent
_atext
337 _2rdamedia
_aunmediated
338 _2rdacarrier
_avolume
650 1 0 _aEnglish fiction
942 _ddc
_cB
999 _c125419
_d125419